LEADER 01363nam0 22003013i 450 001 VAN0252921 005 20230111103548.963 100 $a20221221d1994 |0itac50 ba 101 $aita 102 $aIT 105 $a|||| ||||| 200 1 $aLeon Battista Alberti$ei nomi e le figure$eordini, templi e fabbriche civili$eimmagini e architetture dai libri 7. e 8. del De re aedificatoria$fGabriele Morolli, Marco Guzzon 210 $aFirenze$cAlinea$d1994 215 $a247 p.$cill.$d30 cm 410 1$1001VAN0025460$12001 $aSaggi e documenti$fdiretta da Gabriele Morolli$1210 $aFirenze$cAlinea.$v133 606 $aALBERTI, LEON BATTISTA, Architettura$3VANC037240$2AR 620 $dFirenze$3VANL000014 676 $a720.1$v21 700 1$aMorolli$bGabriele$3VANV019552$037737 701 1$aGuzzon$bMarco$3VANV206297$0499472 712 02$aAlinea$ceditore$3VANV108217 801 $aIT$bSOL$c20240607$gRICA 856 4 $u/sebina/repository/catalogazione/documenti/252921.pdf$z252921.pdf 899 $aBIBLIOTECA DEL DIPARTIMENTO DI ARCHITETTURA E DISEGNO INDUSTRIALE$1IT-CE0107$2VAN01 912 $aVAN0252921 950 $aBIBLIOTECA DEL DIPARTIMENTO DI ARCHITETTURA E DISEGNO INDUSTRIALE$d01PREST IBb287 $e01BDA130 20221221 996 $aLeon Battista Alberti$9743377 997 $aUNICAMPANIA LEADER 02090nam0 22004573i 450 001 VAN00255846 005 20240806101445.482 017 70$2N$a9783540379041 100 $a20230315d1973 |0itac50 ba 101 $aeng 102 $aDE 105 $a|||| ||||| 200 1 $aLaws of Large Numbers for Normed Linear Spaces and Certain Fréchet Spaces$fW. J. Padgett, R. L. Taylor 210 $aBerlin$cSpringer$d1973 215 $avi, 111 p.$cill.$d24 cm 461 1$1001VAN00102250$12001 $aLecture notes in mathematics$1210 $aBerlin [etc.]$cSpringer$v360 606 $a28D05$xMeasure-preserving transformations [MSC 2020]$3VANC022530$2MF 606 $a60-XX$xProbability theory and stochastic processes [MSC 2020]$3VANC020428$2MF 606 $a60B05$xProbability measures on topological spaces [MSC 2020]$3VANC022452$2MF 606 $a60Fxx$xLimit theorems in probability theory [MSC 2020]$3VANC024670$2MF 610 $aBanach spaces$9KW:K 610 $aFréchet Spaces$9KW:K 610 $aLinear spaces$9KW:K 610 $aNumbers$9KW:K 610 $aVariables$9KW:K 610 $alarge$9KW:K 620 $dBerlin$3VANL000066 700 1$aPadgett$bWilliam J.$3VANV208381$01253542 701 1$aTaylor$bRobert L.$3VANV034050$0156700 712 $aSpringer $3VANV108073$4650 790 1$aTaylor, Robert Lee$zTaylor, Robert L.$3VANV258865 790 1$aTaylor, R. L.$zTaylor, Robert L.$3VANV258866 790 1$aTaylor, R.L.$zTaylor, Robert L.$3VANV258867 801 $aIT$bSOL$c20260320$gRICA 856 4 $uhttps://doi.org/10.1007/BFb0069731$zE-book ? Accesso al full-text attraverso riconoscimento IP di Ateneo, proxy e/o Shibboleth 899 $aBIBLIOTECA DEL DIPARTIMENTO DI MATEMATICA E FISICA$1IT-CE0120$2VAN08 912 $fN 912 $aVAN00255846 950 $aBIBLIOTECA DEL DIPARTIMENTO DI MATEMATICA E FISICA$d08DLOAD e-book 5712 $e08eMF5712 20230328 996 $aLaws of Large Numbers for Normed Linear Spaces and Certain Fréchet Spaces$94553512 997 $aUNICAMPANIA